<?xml version="1.0" encoding="UTF-8"?>
<marc:record xmlns:marc="http://www.loc.gov/MARC21/slim">
   <marc:leader>00000nam a2200000 a 4500</marc:leader>
   <marc:datafield ind1="1" ind2=" " tag="100">
      <marc:subfield code="a">Simonson, Louise</marc:subfield>
      <marc:subfield code="4">aut</marc:subfield>
      <marc:subfield code="e">Verfasser/-in</marc:subfield>
   </marc:datafield>
   <marc:datafield ind1="1" ind2=" " tag="100">
      <marc:subfield code="a">Doescher, Erik</marc:subfield>
   </marc:datafield>
   <marc:datafield ind1="1" ind2=" " tag="100">
      <marc:subfield code="a">Strohm, Leo H.</marc:subfield>
   </marc:datafield>
   <marc:datafield ind1="0" ind2="0" tag="245">
      <marc:subfield code="a">Bizarro greift an (8)</marc:subfield>
   </marc:datafield>
   <marc:datafield ind1="0" ind2="0" tag="245">
      <marc:subfield code="c">Louise Simonson. Aus dem Amerikan. übers. v. Leo H. Strohm. Mit Bildern v. Erik Doescher ...</marc:subfield>
   </marc:datafield>
   <marc:datafield ind1=" " ind2="1" tag="264">
      <marc:subfield code="a">Frankfurt/M.</marc:subfield>
      <marc:subfield code="b">Fischer Taschenbuch Verl.</marc:subfield>
      <marc:subfield code="c">2012</marc:subfield>
   </marc:datafield>
   <marc:datafield ind1="1" ind2=" " tag="490">
      <marc:subfield code="a">Superman</marc:subfield>
      <marc:subfield code="v">8</marc:subfield>
   </marc:datafield>
   <marc:datafield ind1=" " ind2=" " tag="020">
      <marc:subfield code="a">3596855187</marc:subfield>
      <marc:subfield code="9">3596855187</marc:subfield>
   </marc:datafield>
   <marc:datafield ind1="0" ind2=" " tag="490">
      <marc:subfield code="v">0</marc:subfield>
   </marc:datafield>
   <marc:datafield ind1=" " ind2=" " tag="300">
      <marc:subfield code="a">60 S. : Ill.</marc:subfield>
   </marc:datafield>
</marc:record>
